Beginners

Đã lưu trong:
Bibliografiske detaljer
Hovedforfatter: Grundy, Peter
Format: Bog
Sprog:Undetermined
Udgivet: Oxford Oxford University Press 2003
Fag:
Tags: Tilføj Tag
Ingen Tags, Vær først til at tagge denne postø!
Thư viện lưu trữ: Trung tâm Học liệu Trường Đại học Cần Thơ
LEADER 00531nam a2200205Ia 4500
001 CTU_64971
008 210402s9999 xx 000 0 und d
020 |c 91000 
082 |a 428.24 
082 |b G889 
100 |a Grundy, Peter 
245 0 |a Beginners 
245 0 |c Peter Grundy 
260 |a Oxford 
260 |b Oxford University Press 
260 |c 2003 
650 |a English language 
650 |x Textbooks for foreign speakers 
904 |i TUYẾN,Hải 
980 |a Trung tâm Học liệu Trường Đại học Cần Thơ